Otvorená spoločnosť reformovanie globálneho kapitalizmu

Guardado en:
Detalles Bibliográficos
Autor principal: Soros, George
Otros Autores: Vilikovský, Pavel, Gális, Vladislav
Formato: Libro
Lenguaje:eslovaco
Publicado: Bratislava Kalligram 2001
Materias:
Etiquetas: Agregar Etiqueta
Sin Etiquetas, Sea el primero en etiquetar este registro!

MARC

LEADER 00000nam a2200000 4500
001 c129709
005 20230220122914.5
020 |a 80-7149-408-9 
041 0 |a slo 
044 |a SK 
245 1 0 |a Otvorená spoločnosť  |b reformovanie globálneho kapitalizmu  |c George Soros ; preložili: Pavel Vilikovský, Vladislav Gális 
264 1 |a Bratislava  |b Kalligram  |c 2001 
300 |a 379 s. 
610 2 0 |a spoločnosť 
610 2 0 |a kapitalizmus 
610 2 0 |a reformy 
610 2 0 |a myslenie ekonomické 
610 2 0 |a kritika 
610 2 0 |a trh finančný 
610 2 0 |a kríza finančná 
100 1 |a Soros, George 
700 1 |a Vilikovský, Pavel 
700 1 |a Gális, Vladislav